000 00605nam a2200241Ia 4500
999 _c2711
_d2711
007 ta
008 230316t2019||||ii a ||gd|||||||1 ||eng||
020 _a9781259096952
_cRs. 2500.00
040 _aKO
_beng
041 0 _aeng
044 _aii
082 0 4 _223
_a006.31
_bM6959
100 1 _aMitchell, Tom M.
245 1 0 _aMachine Learning /
_cTom M. Mitchell
260 _aChennai:
_bMcGraw Hill Education,
_c2019
300 _axvii, 414 p.:
_bill. ;
_c23 cm.
650 0 _aComputer algorithms
650 0 _aData Mining
650 0 _aMachine learning
904 _aA_BOSE
942 _cBK